000 00781nam a22002177a 4500
003 UA-OsUOA
001 119527
007 ta
008 20161102b un ||||| |||| 00| 0 ukr d
100 _aКовтунець О.
090 _a81
_bК56
942 _cSA
040 _aUA-OsUOA
_bukr
_cUA-OsUOA
_dUA-OsUOA
245 _aАктуалізація як інноваційний процес у лексико-семантичній системі сучаснї української літературної мови
300 _aС.90-105
955 _a0
041 _aukr
080 _a81
773 0 _w119524
_tУкраїнська мова
_dК.
_d2016
_g3
650 7 _a8 Мовознавство. Художня література. Літературознавство
_2UDC
999 _c405589
_d405589